The whiskies of Scotland / (Record no. 1981)

000 -LEADER
fixed length control field 01087nam a22003617a 4500
001 - CONTROL NUMBER
control field 4786760
003 - CONTROL NUMBER IDENTIFIER
control field OSt
005 - DATE AND TIME OF LATEST TRANSACTION
control field 20210416111414.0
008 - FIXED-LENGTH DATA ELEMENTS--GENERAL INFORMATION
fixed length control field 870721t19871986nyuab b 001 0 eng
010 ## - LIBRARY OF CONGRESS CONTROL NUMBER
LC control number 87021962
020 ## - INTERNATIONAL STANDARD BOOK NUMBER
International Standard Book Number 0941533069 (pbk.)
040 ## - CATALOGING SOURCE
Original cataloging agency DLC
Transcribing agency DLC
Modifying agency DLC
Language of cataloging eng
041 ## - LANGUAGE CODE
Language code of text/sound track or separate title eng
043 ## - GEOGRAPHIC AREA CODE
Geographic area code e-uk-st
050 00 - LIBRARY OF CONGRESS CALL NUMBER
Classification number TP605
Item number .M33 1987
080 ## - UNIVERSAL DECIMAL CLASSIFICATION NUMBER
Universal Decimal Classification number 663.2
Item number M-44
082 00 - DEWEY DECIMAL CLASSIFICATION NUMBER
Classification number 641.2/52/09411
Edition number 19
100 1# - MAIN ENTRY--PERSONAL NAME
Personal name McDowall, R. J. S.
Fuller form of name (Robert John Stewart),
Dates associated with a name 1892-
245 14 - TITLE STATEMENT
Title The whiskies of Scotland /
Statement of responsibility, etc. R.J.S. McDowall.
Remainder of title / by: New Amsterdam
250 ## - EDITION STATEMENT
Edition statement 4th edition
Remainder of edition statement revised by William Waugh.
260 ## - PUBLICATION, DISTRIBUTION, ETC.
Place of publication, distribution, etc. New York
Name of publisher, distributor, etc. New Amsterdam
Date of publication, distribution, etc. [1987], c1986.
300 ## - PHYSICAL DESCRIPTION
Extent 184 p.
Other physical details ill., maps
Dimensions 22 cm.
365 ## - TRADE PRICE
Price amount 9.95 usd
500 ## - GENERAL NOTE
General note Includes index.
504 ## - BIBLIOGRAPHY, ETC. NOTE
Bibliography, etc. note Bibliography: p. [176]-177.
650 #0 - SUBJECT ADDED ENTRY--TOPICAL TERM
Topical term or geographic name entry element Whiskey
Geographic subdivision Scotland.
650 #0 - SUBJECT ADDED ENTRY--TOPICAL TERM
Topical term or geographic name entry element Wine Making
9 (RLIN) 729
653 ## - INDEX TERM--UNCONTROLLED
Uncontrolled term მეღვინეობა
653 ## - INDEX TERM--UNCONTROLLED
Uncontrolled term ვისკი
700 1# - ADDED ENTRY--PERSONAL NAME
Personal name Waugh, William.
Relator term Editor
906 ## - LOCAL DATA ELEMENT F, LDF (RLIN)
a 7
b cbc
c orignew
d 1
e ocip
f 19
g y-gencatlg
942 ## - ADDED ENTRY ELEMENTS (KOHA)
Source of classification or shelving scheme
Koha item type Books
Edition 4
Holdings
Withdrawn status Lost status Source of classification or shelving scheme Damaged status Not for loan Permanent location Current location Date acquired Inventory number Total Checkouts Full call number Barcode Date last seen Price effective from Koha item type
          Ken Walker International University Ken Walker International University 03/05/2021 624   663.2 M-44 624 03/05/2021 03/05/2021 Books

Powered by Koha